Wards of Greenwich, London (2002 - 2022) - Statistics

General Stats
  • This quiz has been taken 8 times
  • The average score is 4 of 17
Answer Stats
Answer % Correct
Charlton
80%
Peninsula
60%
Plumstead
60%
Abbey Wood
40%
Blackheath Westcombe
40%
Eltham North
20%
Eltham South
20%
Eltham West
20%
Glyndon
20%
Greenwich West
20%
Shooters Hill
20%
Woolwich Common
20%
Woolwich Riverside
20%
Coldharbour and New Eltham
0%
Kidbrooke with Hornfair
0%
Middle Park and Sudcliffe
0%
Thamesmead Moorings
0%
No matching quizzes found
Score Distribution
Percent of People with Each Score
Percentile by Number Answered
Your Score History
You have not taken this quiz